000 01197nam a22002537a 4500
005 20090327142349.0
008 090327t xxu||||| |||| 00| 0 hin d
010 _aHIN-86401
020 _a978818997199
_c495.00
035 _aHN-58747
037 _bDBAD / PUB
040 _adpl
_bhn
082 _a808.88
100 _aविक्रम, एस.
245 _aमीडिया और संवाद /
_cएस.विक्रम
246 _aMedia aura samvaada
_bby S. Vikram
260 _a दिल्ली
_b श्री नटराज प्रकाशन
_c2008
270 _aए-507/12, करतार नगर, बाबा श्याम गिरी मार्ग , साउथ गामड़ी(एक्स.)
_bदिल्ली
_e110053
300 _a288 पृ.
_c22 सेमी (सजिल्द)
650 _aलेख
_xसंग्रह
650 _aArticles
_xCollection
942 _2ddc
_cHN
_h808.88
_mविक्रम
999 _c25557
_d25557